[Event "Master Rochefort 2020"]
[Site "Palais des Congres Rochefort"]
[Date "2020.02.22"]
[Round "8.14"]
[White "Mota, Pankit"]
[Black "Shailesh, Dravid"]
[Result "0-1"]
[WhiteElo "2048"]
[BlackElo "2269"]
[PlyCount "92"]
[EventDate "2020.??.??"]

1. e4 b6 2. d4 Bb7 3. Bd3 e6 4. Nf3 c5 5. c3 Be7 6. a3 Nf6 7. Qe2 d5 8. e5 Ne4
9. Nbd2 Nxd2 10. Bxd2 Qc8 11. Rc1 Ba6 12. c4 Bxc4 13. Bxc4 dxc4 14. Qxc4 Qb7
15. dxc5 bxc5 16. Qg4 Kf8 17. O-O Nd7 18. b4 h5 19. Qf4 Kg8 20. Rc2 h4 21. Rfc1
h3 22. bxc5 Qc6 23. gxh3 Rxh3 24. Rc3 Rh6 25. Nd4 Qd5 26. Qf3 Rg6+ 27. Kf1 Nxe5
28. Qxd5 exd5 29. c6 Nc4 30. Rxc4 dxc4 31. Rxc4 Rc8 32. c7 Rb6 33. Bf4 Bxa3 34.
Nc6 Rb7 35. Ra4 Bc5 36. Rc4 Bf8 37. Ra4 g5 38. Be5 f6 39. Nxa7 Rxa7 40. Rxa7
fxe5 41. Ke2 Kf7 42. Kf3 Bd6 43. Kg4 Rxc7 44. Ra5 Kf6 45. Ra6 Rc4+ 46. Kf3 Rd4
0-1

[Event "Master Rochefort 2020"]
[Site "Palais des Congres Rochefort"]
[Date "2020.02.22"]
[Round "8.15"]
[White "Roselle, Tristan"]
[Black "Deodhar, Vrushali Umesh"]
[Result "1-0"]
[WhiteElo "2222"]
[BlackElo "1880"]
[PlyCount "99"]
[EventDate "2020.??.??"]
[WhiteTeam "AGJA-Echiquier Aquitaine"]

1. e4 c5 2. Nf3 Nc6 3. Bb5 g6 4. O-O Bg7 5. Nc3 Nf6 6. e5 Ng4 7. Bxc6 dxc6 8.
Re1 Qc7 9. Qe2 O-O 10. d3 Nh6 11. Ne4 b6 12. Bf4 Bg4 13. Qd2 Bxf3 14. Bxh6 Bxe4
15. Rxe4 Bxe5 16. Bxf8 Rxf8 17. Rh4 f5 18. c3 Qd6 19. f4 Bf6 20. Rh3 b5 21. Rf3
b4 22. Qc2 Rd8 23. a3 bxc3 24. bxc3 c4 25. Qa2 Qc5+ 26. Kf1 Rb8 27. Qxc4+ Qxc4
28. dxc4 Rb3 29. a4 Kf7 30. Rd3 a5 31. Ra2 h6 32. Ke2 Rxc3 33. Rxc3 Bxc3 34.
Kd3 Bb4 35. Kd4 Bd6 36. g3 Kf6 37. c5 Bc7 38. Kc4 g5 39. fxg5+ hxg5 40. Rb2 Ke6
41. Rb7 Bd8 42. Kd4 Kf6 43. Rb6 e5+ 44. Ke3 g4 45. Rxc6+ Kg5 46. Rc8 Be7 47. c6
Bc5+ 48. Ke2 f4 49. c7 f3+ 50. Kf1 1-0

[Event "Master Rochefort 2020"]
[Site "Palais des Congres Rochefort"]
[Date "2020.02.22"]
[Round "8.16"]
[White "Chetverik, Maxim"]
[Black "Le Pen, Steven"]
[Result "1/2-1/2"]
[WhiteElo "2182"]
[BlackElo "2047"]
[PlyCount "129"]
[EventDate "2020.??.??"]
[BlackTeam "Echiquier de l'Erdre"]

1. d4 Nf6 2. c4 g6 3. Nf3 Bg7 4. g3 O-O 5. Bg2 d5 6. cxd5 Nxd5 7. O-O Nb6 8.
Nc3 Nc6 9. e3 Re8 10. d5 Na5 11. Nd4 Bd7 12. e4 c6 13. Bf4 cxd5 14. exd5 Nac4
15. b3 Nd6 16. Rc1 Rc8 17. Qd2 Nf5 18. Nde2 h6 19. h4 h5 20. Rfe1 Rc5 21. Bg5
Nc8 22. Ne4 Rxc1 23. Rxc1 Ncd6 24. Nc5 Bc8 25. Bf4 b6 26. Nd3 e5 27. dxe6 Bxe6
28. Nb4 Nb5 29. Qxd8 Rxd8 30. Bg5 f6 31. Bf4 Bf8 32. Nc6 Re8 33. Kf1 Ba3 34.
Rd1 Kg7 35. Bf3 a5 36. Rd2 Bd6 37. Kg2 Ba3 38. Nd8 Bg8 39. Rd7+ Re7 40. Rxe7+
Nxe7 41. Nc6 Nd5 42. Bd2 Bc5 43. Kf1 Kf8 44. Be4 Kg7 45. Bd3 Nd6 46. Ncd4 Bf7
47. Nc2 Be6 48. Ned4 Bd7 49. a3 Nf7 50. f4 Nh6 51. b4 axb4 52. axb4 Bd6 53. Bc4
Nc7 54. Ne3 Ng4 55. Nxg4 Bxg4 56. Kg2 Bd7 57. Bc3 b5 58. Bb3 Na6 59. Nc2 Bf5
60. Nd4 Bd3 61. Ne6+ Kh7 62. Bxf6 Bxb4 63. Ng5+ Kh6 64. Nf7+ Kh7 65. Ng5+
1/2-1/2

[Event "Master Rochefort 2020"]
[Site "Palais des Congres Rochefort"]
[Date "2020.02.22"]
[Round "8.17"]
[White "Bouton, Christophe"]
[Black "Besson, Bastien"]
[Result "0-1"]
[WhiteElo "2001"]
[BlackElo "2181"]
[PlyCount "130"]
[EventDate "2020.??.??"]
[WhiteTeam "Cavalier Bleu Drancy"]
[BlackTeam "Cercle d'Echecs de Nantes"]

1. d4 Nf6 2. Nf3 g6 3. c4 Bg7 4. Nc3 d6 5. e4 O-O 6. Be2 e5 7. O-O Nc6 8. d5
Ne7 9. b4 Nh5 10. g3 f5 11. Ng5 Nf6 12. f3 c6 13. Be3 cxd5 14. cxd5 Kh8 15. Kh1
b6 16. Rc1 h6 17. Ne6 Bxe6 18. dxe6 d5 19. exd5 Nfxd5 20. Nxd5 Nxd5 21. Qb3 Nf6
22. Rfd1 Qe7 23. Rc6 Rfd8 24. Qc4 Ne8 25. b5 Rxd1+ 26. Bxd1 Rd8 27. Be2 Kh7 28.
Kg2 Bf8 29. Kf2 Qf6 30. e7 Qxe7 31. Re6 Qg7 32. Qc6 Nd6 33. Qc3 Qf7 34. Qb3 Bg7
35. Bc1 f4 36. g4 Nb7 37. Rc6 Qxb3 38. axb3 Nc5 39. Ba3 Nxb3 40. Bb4 Rd7 41.
Bc4 Nd4 42. Rc8 Bf6 43. Bc3 Nc2 44. Ke2 Ne3 45. Bd3 Nd5 46. Be4 Ne7 47. Rc4 Kg7
48. Bb4 Nd5 49. Ba3 Kf7 50. Bb2 Ne7 51. Ba3 h5 52. h3 hxg4 53. Bxe7 gxf3+ 54.
Kxf3 Bxe7 55. Rc6 Bd6 56. Kg4 Ke6 57. Kg5 Rh7 58. Bxg6 Rg7 59. h4 f3 60. h5 f2
61. Rc1 e4 62. h6 Rxg6+ 63. Kxg6 e3 64. h7 Be5 65. Rc8 Kd7 0-1

[Event "Master Rochefort 2020"]
[Site "Palais des Congres Rochefort"]
[Date "2020.02.22"]
[Round "9.6"]
[White "Bogdanov, Egor"]
[Black "Jeet, Jain"]
[Result "0-1"]
[WhiteElo "2433"]
[BlackElo "2223"]
[PlyCount "74"]
[EventDate "2020.??.??"]

1. e4 e5 2. Nf3 Nc6 3. Bb5 a6 4. Ba4 Nf6 5. O-O b5 6. Bb3 Bc5 7. c3 d6 8. a4
Rb8 9. d4 Bb6 10. a5 Ba7 11. h3 O-O 12. Be3 Ra8 13. Nbd2 h6 14. Re1 Re8 15. g4
Qe7 16. Nf1 Nd8 17. Ng3 c5 18. Qd2 c4 19. Bc2 Nh7 20. b4 cxb3 21. Bxb3 Be6 22.
Bc2 Rc8 23. Bd3 Nb7 24. Qb2 Qd8 25. Qa3 Qe7 26. Qb2 Qd8 27. Rec1 Nxa5 28. Nd2
d5 29. Re1 Bb8 30. exd5 Bxd5 31. Bf5 Rc6 32. Qa3 Nb7 33. Rad1 exd4 34. Bxd4 Ng5
35. c4 Rxe1+ 36. Rxe1 Be6 37. Qe3 Bf4 0-1

[Event "Master Rochefort 2020"]
[Site "Palais des Congres Rochefort"]
[Date "2020.02.22"]
[Round "9.7"]
[White "Dalaud, Dorian"]
[Black "Prie, Eric"]
[Result "1/2-1/2"]
[WhiteElo "2236"]
[BlackElo "2423"]
[PlyCount "20"]
[EventDate "2020.??.??"]
[WhiteTeam "Cercle d'Echecs de Nantes"]
[BlackTeam "Club d' Echecs de Plaisance du Touch"]

1. c4 c6 2. Nf3 d5 3. e3 Nf6 4. Nc3 Bg4 5. d4 e6 6. Bd3 Nbd7 7. O-O Be7 8. e4
dxe4 9. Nxe4 Nxe4 10. Bxe4 Nf6 1/2-1/2

[Event "Master Rochefort 2020"]
[Site "Palais des Congres Rochefort"]
[Date "2020.02.22"]
[Round "9.8"]
[White "Doyen, Remi"]
[Black "Suarez Uriel, Adrian"]
[Result "1-0"]
[WhiteElo "2242"]
[BlackElo "2371"]
[PlyCount "67"]
[EventDate "2020.??.??"]
[WhiteTeam "AGJA-Echiquier Aquitaine"]
[BlackTeam "Echiquier Bordelais"]

1. e4 c5 2. Nf3 d6 3. d4 cxd4 4. Qxd4 Nc6 5. Bb5 Bd7 6. Qe3 g6 7. O-O Bg7 8.
Rd1 Nf6 9. h3 O-O 10. Be2 Rc8 11. Bd2 d5 12. e5 d4 13. Qb3 Ne4 14. Bf4 Qc7 15.
Nbd2 Nc5 16. Qa3 Ne6 17. Bg3 Nxe5 18. Qxe7 Rfe8 19. Qa3 b5 20. Ne4 Qxc2 21.
Nxe5 Bxe5 22. Bd3 Qc7 23. Nf6+ Kg7 24. Bxe5 Qxe5 25. Nxe8+ Bxe8 26. Qxa7 Rd8
27. Qe7 Qb8 28. Rac1 Qa8 29. Re1 Bd7 30. Bxb5 Bxb5 31. Rxe6 d3 32. Rc7 Rf8 33.
Rd6 Qxa2 34. Qe5+ 1-0

[Event "Master Rochefort 2020"]
[Site "Palais des Congres Rochefort"]
[Date "2020.02.22"]
[Round "9.9"]
[White "Shirazi, Kamran"]
[Black "Roselle, Tristan"]
[Result "1-0"]
[WhiteElo "2362"]
[BlackElo "2222"]
[PlyCount "113"]
[EventDate "2020.??.??"]
[WhiteTeam "Tremblay en France"]
[BlackTeam "AGJA-Echiquier Aquitaine"]

1. e4 e5 2. Nf3 Nc6 3. c4 Bc5 4. a3 d6 5. b4 Bd4 6. Ra2 a6 7. b5 axb5 8. cxb5
Be6 9. Rc2 Na5 10. Nxd4 exd4 11. Rb2 Nf6 12. Rb4 Nxe4 13. Rxd4 Nc5 14. Rb4 Qe7
15. Qf3 O-O 16. Be2 Bc4 17. Rxc4 Nxc4 18. d4 Ne4 19. Bxc4 Ng3+ 20. Be3 Nxh1 21.
g3 Nxf2 22. Kxf2 Rfe8 23. Bd2 c6 24. Kg2 d5 25. Bd3 Ra4 26. Qf4 c5 27. Bc3 c4
28. Bc2 Qe2+ 29. Qf2 Raa8 30. Bb4 Qh5 31. Nc3 Re6 32. Qf5 Re2+ 33. Nxe2 Qxe2+
34. Qf2 Re8 35. Bd6 c3 36. a4 Qd2 37. Bf4 Qe2 38. Be5 Qc4 39. Qf3 g6 40. g4 f6
41. Qxf6 Qe2+ 42. Kg3 Rxe5 43. dxe5 Qxc2 44. e6 Qd3+ 45. Kh4 g5+ 46. Qxg5+ Qg6
47. Qd8+ Kg7 48. Qc7+ Kf6 49. Qxc3+ Kxe6 50. Qe3+ Kd7 51. Qf4 Qg8 52. Qg5 Qxg5+
53. Kxg5 Kd6 54. a5 Kc5 55. a6 bxa6 56. bxa6 Kb6 57. Kf5 1-0

[Event "Master Rochefort 2020"]
[Site "Palais des Congres Rochefort"]
[Date "2020.02.22"]
[Round "9.10"]
[White "Ivanov, Mikhail M"]
[Black "Yanayt, Eugene"]
[Result "1-0"]
[WhiteElo "2353"]
[BlackElo "2206"]
[PlyCount "59"]
[EventDate "2020.??.??"]
[WhiteTeam "Le Touquet - Cote d'Opale"]

1. d4 Nf6 2. Nf3 g6 3. g3 Bg7 4. Bg2 O-O 5. O-O d5 6. Nbd2 Ne4 7. c4 c6 8. e3
Bf5 9. Re1 Qc8 10. Nh4 Nxd2 11. Nxf5 Qxf5 12. Bxd2 e6 13. Qb3 b6 14. Rac1 Qh5
15. cxd5 exd5 16. Rc2 Re8 17. Rec1 Qf5 18. a4 Qd7 19. a5 b5 20. a6 Re6 21. Bxd5
cxd5 22. Rc7 Qd8 23. Rc8 Nxa6 24. Rxd8+ Rxd8 25. Ba5 Rb8 26. Qxd5 Bf8 27. Rc6
Nb4 28. Bxb4 Rxc6 29. Qxc6 Bxb4 30. Qc7 1-0

[Event "Master Rochefort 2020"]
[Site "Palais des Congres Rochefort"]
[Date "2020.02.22"]
[Round "9.11"]
[White "Besson, Bastien"]
[Black "Sahil, Tickoo"]
[Result "0-1"]
[WhiteElo "2181"]
[BlackElo "2275"]
[PlyCount "100"]
[EventDate "2020.??.??"]
[WhiteTeam "Cercle d'Echecs de Nantes"]

1. e4 c5 2. Nf3 d6 3. d4 cxd4 4. Nxd4 Nf6 5. Nc3 a6 6. Bg5 e6 7. f4 Be7 8. Qf3
h6 9. Bh4 Qc7 10. O-O-O Nbd7 11. g4 g5 12. fxg5 Ne5 13. Qg3 Nfxg4 14. g6 fxg6
15. Bxe7 Qxe7 16. Be2 Qg5+ 17. Kb1 Qe3 18. Qxe3 Nxe3 19. Rdg1 b5 20. b3 b4 21.
Rg3 Nxc2 22. Kxc2 bxc3 23. Bc4 Ke7 24. Kxc3 Bd7 25. Nf3 Nxf3 26. Rxf3 a5 27.
Rg1 g5 28. h4 Raf8 29. Rd3 gxh4 30. Rg7+ Rf7 31. Rxf7+ Kxf7 32. Rxd6 Ke7 33. e5
h3 34. Rd3 h5 35. Rxh3 h4 36. b4 axb4+ 37. Kxb4 Bc6 38. Rh2 Bd5 39. Bb5 h3 40.
Be2 Rh4+ 41. Kc3 Bb7 42. Kd3 Ra4 43. Ke3 Rxa2 44. Bh5 Ra4 45. Be2 Re4+ 46. Kf2
Rf4+ 47. Kg3 Rf5 48. Bg4 Rxe5 49. Kf4 Re4+ 50. Kg3 Re3+ 0-1

[Event "Master Rochefort 2020"]
[Site "Palais des Congres Rochefort"]
[Date "2020.02.22"]
[Round "9.12"]
[White "Shailesh, Dravid"]
[Black "Peric, Slavisa"]
[Result "1-0"]
[WhiteElo "2269"]
[BlackElo "2081"]
[PlyCount "49"]
[EventDate "2020.??.??"]
[BlackTeam "LEC Echiquier Limousin"]

1. e4 e6 2. d4 d5 3. Nc3 h6 4. Be3 dxe4 5. Nxe4 Nd7 6. Bd3 Ngf6 7. Qf3 c6 8.
Nxf6+ Nxf6 9. Qg3 Bd6 10. Qxg7 Rg8 11. Qxh6 Rxg2 12. Nf3 Rg8 13. O-O-O Bf8 14.
Qh4 Rg4 15. Qh3 e5 16. Nxe5 Rg1 17. Qh8 Rg8 18. Qh4 Be6 19. Rhg1 Rxg1 20. Rxg1
Nd5 21. Bg5 Qa5 22. Bc4 Nc7 23. Bd2 Qa4 24. Bxe6 Nxe6 25. Qf6 1-0

[Event "Master Rochefort 2020"]
[Site "Palais des Congres Rochefort"]
[Date "2020.02.22"]
[Round "9.13"]
[White "Stets, Dmitry"]
[Black "Sim, Sylvain"]
[Result "1/2-1/2"]
[WhiteElo "2358"]
[BlackElo "2191"]
[PlyCount "82"]
[EventDate "2020.??.??"]
[WhiteTeam "Rouen Echecs"]
[BlackTeam "Club d'Echecs de la Bruffiere"]

1. e4 c5 2. c3 Nf6 3. e5 Nd5 4. Nf3 Nc6 5. Bc4 Nb6 6. Bb3 c4 7. Bc2 d6 8. exd6
Qxd6 9. O-O Bg4 10. Qe2 e6 11. b3 cxb3 12. axb3 Be7 13. d4 O-O 14. Nbd2 Qc7 15.
Ne4 Bxf3 16. gxf3 Nd5 17. Kh1 Rae8 18. Rg1 f5 19. Ng3 Bf6 20. Ba3 Nxc3 21. Qc4
Bxd4 22. Bxf5 Rxf5 23. Nxf5 b5 24. Nxg7 Bxg7 25. Qxc3 Kh8 26. Qc1 Bxa1 27.
Qxa1+ e5 28. Bb2 Rg8 29. Rg3 Rxg3 30. hxg3 Kg8 31. Qe1 Qd6 32. Qe4 Qd1+ 33. Kg2
Qxb3 34. Qxc6 Qxb2 35. Qa8+ Kg7 36. Qxa7+ Kg8 37. Qb8+ Kg7 38. Qc7+ Kg8 39. Qd6
b4 40. Qe6+ Kg7 41. Qe7+ Kg8 1/2-1/2

[Event "Master Rochefort 2020"]
[Site "Palais des Congres Rochefort"]
[Date "2020.02.22"]
[Round "9.14"]
[White "Lucas, Arthur"]
[Black "Chetverik, Maxim"]
[Result "1-0"]
[WhiteElo "2290"]
[BlackElo "2182"]
[PlyCount "65"]
[EventDate "2020.??.??"]
[WhiteTeam "Cercle d'Ã©checs des Sables d'Olonne"]

1. e4 Nf6 2. e5 Nd5 3. d4 d6 4. c4 Nb6 5. exd6 cxd6 6. Nc3 g6 7. Be3 Bg7 8. Rc1
O-O 9. b3 N6d7 10. Nf3 Nf6 11. Be2 d5 12. O-O Nc6 13. h3 Bf5 14. Re1 Rc8 15.
Bf1 h5 16. Ne5 Be6 17. f4 Qa5 18. Bf2 Rfd8 19. Nxg6 dxc4 20. bxc4 fxg6 21. Rxe6
Qf5 22. d5 Nxd5 23. cxd5 Bxc3 24. Rxc3 Qxe6 25. Rd3 Qf7 26. dxc6 Rxd3 27. Qxd3
bxc6 28. Qe4 e6 29. Bc4 Re8 30. Bd4 Kh7 31. Qe5 c5 32. Qxc5 Qxf4 33. Qxa7+ 1-0

[Event "Master Rochefort 2020"]
[Site "Palais des Congres Rochefort"]
[Date "2020.02.22"]
[Round "9.15"]
[White "Lamaze, Simon"]
[Black "Mariette, Lucas"]
[Result "0-1"]
[WhiteElo "2185"]
[BlackElo "2285"]
[PlyCount "78"]
[EventDate "2020.??.??"]
[WhiteTeam "Echiquier Club Le Mans"]
[BlackTeam "Club d'Echecs de Marennes-Oleron"]

1. Nf3 Nf6 2. g3 g6 3. d4 Bg7 4. Bg2 d5 5. O-O O-O 6. c4 dxc4 7. Na3 c3 8. bxc3
c5 9. Re1 Nc6 10. Bb2 cxd4 11. cxd4 Nd5 12. e3 Ndb4 13. Nc2 Bf5 14. Nxb4 Nxb4
15. e4 Bg4 16. h3 Bxf3 17. Bxf3 Rc8 18. Re2 Qb6 19. a3 Nc6 20. e5 Rfd8 21. d5
Na5 22. Qe1 Nc4 23. Rb1 Qc5 24. Rc1 b5 25. a4 a6 26. axb5 axb5 27. Kg2 h6 28.
Bc3 e6 29. d6 Nxe5 30. Rxe5 Bxe5 31. d7 Bxc3 32. dxc8=Q Rxc8 33. Qe4 b4 34. h4
Rd8 35. h5 Rd2 36. Rf1 g5 37. g4 Bd4 38. Be2 b3 39. Bd3 Qd5 0-1